Quantitative Techniques in Management: (Record no. 183232)

MARC details
000 -LEADER
fixed length control field 00640 a2200193 4500
005 - DATE AND TIME OF LATEST TRANSACTION
control field 20211221135807.0
010 ## - LCCN (DPL NO)
LC control number ENG-130444
020 ## - INTERNATIONAL STANDARD BOOK NUMBER
International Standard Book Number 978-93-5460-083-8
Terms of availability 755.00
035 ## - SYSTEM CONTROL NUMBER
System control number EN-113976
037 ## - SOURCE OF ACQUISITION
Source of stock number/acquisition DBAD/PUB
082 ## - DEWEY DECIMAL CLASSIFICATION NUMBER
Classification number 658.4033
Item number 1
100 ## - MAIN ENTRY--PERSONAL NAME
Personal name Vohra, N D
245 ## - TITLE STATEMENT
Title Quantitative Techniques in Management:
Statement of responsibility, etc N D Vohra, Hitesh Arora
260 ## - PUBLICATION, DISTRIBUTION, ETC. (IMPRINT)
Place of publication, distribution, etc Tamill Nadu
Name of publisher, distributor, etc McGraw Hill Education Private Limited
Date of publication, distribution, etc 2021
270 ## - ADDRESS
Address 444/1, Sri Ekambara Naicker Industrial Estate, Alapakkam, Porur
City Chennai
Postal code 600116
300 ## - PHYSICAL DESCRIPTION
Extent 832p.
Dimensions 22cm (pbk)
700 ## - ADDED ENTRY--PERSONAL NAME
Personal name Arora, Hitesh
942 ## - ADDED ENTRY ELEMENTS (KOHA)
Institution code [OBSOLETE] dpl
Item type English Books
Source of classification or shelving scheme Dewey Decimal Classification
Classification part 658.4033
Call number suffix VOH
Holdings
Withdrawn status Lost status Not for loan Collection code Home library Current library Date acquired Source of acquisition Cost, normal purchase price Full call number Barcode Copy number Cost, replacement price Koha item type
      Non-fiction Central Library Central Library 21/12/2021 DBAD/PUB 755.00 658.4033 VOH EN-113976 1 755.00 English Books

© Delhi Public Library
Hit Counter
free hit counter